Statistiques concernant Partenaires commerciaux de la Russie

Cliquez ici pour prendre le quiz!

Statistiques générales

  • Ce quiz a été pris 8 292 fois
  • Le résultat moyen est 15 sur 19

Statistiques - réponses

ExportImportPays% Correct
28,738,3Chine
99%
9,411,1États-Unis
99%
8,5France
99%
21,319,5Allemagne
94%
9,46,7Japon
94%
6,34,0Ukraine
91%
5,3Inde
88%
7,03,4Royaume-Uni
86%
9,14,0Pologne
83%
2,5Brésil
82%
14,19,4Biélorussie
81%
11,97,8Italie
81%
10,05,1Corée du Sud
80%
6,52,5Finlande
79%
13,7Turquie
77%
9,43,6Kazakhstan
73%
29,33,0Pays-Bas
49%
5,7Belgique
46%
2,8Tchéquie
34%

Distribution des résultats

Percentile par nombre de réponses

% des personnes avec chaque résultat

Votre développement - résultats

Vous n’avez pas pris ce quiz